| 000 | 00610nam a2200193Ia 4500 | ||
|---|---|---|---|
| 005 | 20260429112330.0 | ||
| 008 | 260429s9999||||xx |||||||||||||| ||und|| | ||
| 020 | _a9789387145320 | ||
| 041 | _aHindi | ||
| 082 |
_a891.431 _bMEH |
||
| 100 | _aमेहेर, छबिल कुमार | ||
| 245 | 0 |
_aमुक्तिबोध संचयिता / _cछबिल कुमार मेहेर |
|
| 250 | _a1st ed. | ||
| 260 |
_aदिल्ली : _bअनन्या प्रकाशन, _c2018. |
||
| 300 | _a328 p.; hb | ||
| 440 | _vPart -2 | ||
| 650 | _aHindi Literature | ||
| 942 | _cTB | ||
| 999 |
_c53542 _d53542 |
||